Normal view
MARC view
Entry Personal Name
001 - CONTROL NUMBER
- control field: 818466
003 - CONTROL NUMBER IDENTIFIER
- control field: OSt
005 - DATE AND TIME OF LATEST TRANSACTION
- control field: 20250821164248.0
008 - FIXED-LENGTH DATA ELEMENTS
- fixed length control field: 250821|| aca||aabn | a|a d
040 ## - CATALOGING SOURCE
- Original cataloging agency: OSt
- Transcribing agency: OSt
100 ## - HEADING--PERSONAL NAME
- Personal name: शाह, गिरिराज
670 ## - SOURCE DATA FOUND
- Source citation: Work cat.: (OSt)1434833: ठुलघरिया, बद्रीसाह 818464, दैशिक - शास्त्र , 1983.
